Départements français les plus touchés par les inondations - Statistiques

Statistiques générales
  • Ce quiz a été pris 38 fois
  • Le résultat moyen est 12 sur 20
Statistiques - réponses
# inondations Département % Correct
2 334 Nord
84%
3 428 Gironde
81%
2 831 Gard
76%
2 861 Hérault
76%
3 907 Pas-de-Calais
76%
2 182 Ardèche
70%
3 386 Aude
65%
3 042 Haute-Garonne
59%
2 371 Isère
59%
2 230 Rhône
59%
2 359 Dordogne
57%
3 037 Moselle
57%
2 233 Drôme
54%
3 192 Pyrénées-Atlantiques
54%
2 820 Aisne
49%
2 489 Meurthe-et-Moselle
49%
4 039 Haute-Marne
43%
2 844 Seine-Maritime
43%
2 549 Saône-et-Loire
38%
2 614 Seine-et-Marne
32%
Aucun quiz correspondant
Distribution des résultats
% des personnes avec chaque résultat
Percentile par nombre de réponses
Votre historique - résultats
Vous n’avez pas pris ce quiz